000
00244nam a2200109Ia 4500
005
20251222114406.0
008
251222s1900||||xx |||||||||||||| ||spa||
082
_a
DVD0060/H48/2006
245
0
_a
Nacho libre
264
_b
Hess, Jared
942
_c
DVD
999
_c
1836
_d
1836